|
|
|
|
| LEADER |
00000cam a2200000 7i4500 |
| 001 |
0000002777 |
| 005 |
20220821.0 |
| 008 |
021118s2004 |
| 020 |
|
|
|a 1413008151
|
| 020 |
|
|
|a 9781413008159
|
| 090 |
0 |
0 |
|a PE1128
|b .S65 2004
|
| 100 |
1 |
|
|a Smith, Lorraine C. ,
|e author
|
| 245 |
1 |
0 |
|a Issues for today
|c Lorraine C. Smith, Nancy Nici Mare
|
| 250 |
|
|
|a 3rd ed
|
| 260 |
|
|
|a Australia :
|b Thomson ,
|c c2004
|
| 300 |
|
|
|a xvi, 240 p. :
|b ill. ;
|c 27 cm.
|
| 440 |
|
0 |
|a Reading for today series, book 3
|
| 500 |
|
|
|a Includes index
|
| 505 |
0 |
|
|a 1. Trends in living -- 2. Issues in society -- 3. Justice and crime -- 4. Science and history
|
| 650 |
|
0 |
|a English language
|v Textbooks for foreign speakers
|
| 650 |
|
0 |
|a English language
|x Study and teaching
|
| 700 |
1 |
|
|a Mare, Nancy Nici ,
|d 1957- ,
|e author
|
| 999 |
|
|
|a 1000105321
|b Book
|c OPEN SHELF (30 DAYS)
|e Gong Badak Campus
|